[Event "4NCL Team Rapidplay"]
[Site "Daventry"]
[Date "2013.10.05"]
[Round "6.8"]
[White "Bhatia, Kanwal K"]
[Black "Wall, Gavin"]
[Result "0-1"]
[WhiteElo "2039"]
[BlackElo "2333"]
[PlyCount "74"]
[EventDate "2013.10.05"]
[EventType "team-swiss (rapid)"]
[EventRounds "7"]
[EventCountry "ENG"]
[WhiteTeam "Barbican II"]
[BlackTeam "Guildford"]
[WhiteTeamCountry "ENG"]
[BlackTeamCountry "ENG"]
[TimeControl "900+175"]
[WhiteClock "0:00:39"]
[BlackClock "0:00:55"]

1. e4 e5 2. Nf3 d6 3. d4 exd4 4. Nxd4 Nf6 5. Nc3 Be7 6. Bc4 O-O 7. Bb3 Na6 8.
O-O Nc5 9. Re1 c6 10. h3 Re8 11. Bf4 Bf8 12. Qf3 Nxb3 13. axb3 Nd7 14. Rad1 Ne5
15. Qg3 Qa5 16. Nf5 Bxf5 17. exf5 Nd7 18. Bxd6 Qxf5 19. Bxf8 Nxf8 20. Qc7 Qxc2
21. Rxe8 Rxe8 22. Qxb7 Qxb2 23. Qxc6 Re6 24. Qc4 Qc2 25. Ra1 a6 26. Qc8 Rf6 27.
Rf1 Qxb3 28. Ne4 Rg6 29. Ng3 h6 30. Nf5 Re6 31. Qd8 Qb4 32. Rc1 Kh7 33. Qd3 Ng6
34. Rc4 Qb8 35. g3 Re1+ 36. Kg2 Qb7+ 37. Qf3 Rg1+ 0-1

[Event "4NCL Team Rapidplay"]
[Site "Daventry"]
[Date "2013.10.05"]
[Round "6.2"]
[White "Josse, Mark"]
[Black "Thomas, Nicholas"]
[Result "1-0"]
[WhiteElo "2173"]
[BlackElo "2295"]
[PlyCount "74"]
[EventDate "2013.10.05"]
[EventType "team-swiss (rapid)"]
[EventRounds "7"]
[EventCountry "ENG"]
[WhiteTeam "SMPS"]
[BlackTeam "Warwickshire Select"]
[WhiteTeamCountry "ENG"]
[BlackTeamCountry "ENG"]
[TimeControl "900+215"]
[WhiteClock "0:01:15"]
[BlackClock "0:00:15"]

1. d4 e6 2. e4 d5 3. Nd2 Nc6 4. Ngf3 Nf6 5. e5 Nd7 6. c3 f6 7. Bb5 fxe5 8. dxe5
Be7 9. Nd4 Nxd4 10. cxd4 O-O 11. O-O c5 12. f4 cxd4 13. Nb3 Qb6 14. Bd3 Nc5 15.
Nxc5 Bxc5 16. Qh5 g6 17. Bxg6 Qc7 18. Bd3 Qf7 19. Qe2 Bd7 20. Bd2 Bb5 21. Bxh7+
Qxh7 22. Qxb5 Bb6 23. Rf3 Rf5 24. Raf1 Rh5 25. h3 Kh8 26. Rg3 Rc8 27. Bb4 Rf5
28. Kh2 Qf7 29. Rg4 Bd8 30. Rf3 a6 31. Qd3 Rc4 32. a3 a5 33. Bd2 Bb6 34. Rfg3
Rc7 35. Rg6 Rh5 36. Rf6 Qh7 37. Rg8+ Kxg8 1-0

[Event "4NCL Team Rapidplay"]
[Site "Daventry"]
[Date "2013.10.05"]
[Round "6.3"]
[White "Mason, Donald J"]
[Black "Holmes, Richard"]
[Result "1/2-1/2"]
[WhiteElo "2204"]
[BlackElo "2270"]
[PlyCount "117"]
[EventDate "2013.10.05"]
[EventType "team-swiss (rapid)"]
[EventRounds "7"]
[EventCountry "ENG"]
[WhiteTeam "Warwickshire Select"]
[BlackTeam "SMPS"]
[WhiteTeamCountry "ENG"]
[BlackTeamCountry "ENG"]
[TimeControl "900+110"]
[WhiteClock "0:00:21"]
[BlackClock "0:00:23"]

1. d4 Nf6 2. c4 g6 3. Nc3 Bg7 4. e4 d6 5. Be2 O-O 6. Bg5 Nbd7 7. h4 h6 8. Be3
e5 9. d5 Nc5 10. Qc2 a5 11. h5 g5 12. f3 c6 13. g4 cxd5 14. Bxc5 dxc5 15. cxd5
Ne8 16. Bb5 Nd6 17. a4 c4 18. Nge2 Qb6 19. Ng3 Rd8 20. Nf5 Bxf5 21. gxf5 Rac8
22. Qf2 Rc5 23. Kf1 Bf8 24. Kg2 Nc8 25. Rhc1 Rc7 26. Qxb6 Nxb6 27. Kf1 Bc5 28.
Ke2 Bd4 29. Rc2 Kf8 30. Rac1 Ke7 31. Nd1 Rdc8 32. b3 c3 33. Kd3 Kd6 34. Nxc3
Rxc3+ 35. Rxc3 Rxc3+ 36. Rxc3 Bxc3 37. Kxc3 Kc5 38. f6 Nc8 39. Be8 Nd6 40. Bd7
Kb6 41. b4 axb4+ 42. Kxb4 Kc7 43. Bb5 g4 44. fxg4 Nxe4 45. Be8 Nxf6 46. Bxf7
Nxg4 47. Kc5 b6+ 48. Kb5 Nf6 49. d6+ Kxd6 50. Kxb6 e4 51. Bc4 Nxh5 52. a5 Nf6
53. a6 Nd7+ 54. Kb5 Kc7 55. Bd5 e3 56. Bf3 Kb8 57. Kb4 Ka7 58. Kc3 Nc5 59. Kd4
1/2-1/2

[Event "4NCL Team Rapidplay"]
[Site "Daventry"]
[Date "2013.10.05"]
[Round "6.4"]
[White "Benjamin, Martin"]
[Black "Baruch, Andrew"]
[Result "0-1"]
[WhiteElo "2040"]
[BlackElo "2078"]
[PlyCount "108"]
[EventDate "2013.10.05"]
[EventType "team-swiss (rapid)"]
[EventRounds "7"]
[EventCountry "ENG"]
[WhiteTeam "SMPS"]
[BlackTeam "Warwickshire Select"]
[WhiteTeamCountry "ENG"]
[BlackTeamCountry "ENG"]

1. Nf3 g6 2. c4 Bg7 3. Nc3 d6 4. d4 c6 5. Bg5 Bg4 6. Qd2 Nd7 7. e4 Bxf3 8. gxf3
c5 9. d5 a6 10. Be2 Rb8 11. a4 b6 12. f4 h6 13. Bh4 Ngf6 14. Bf3 Nh7 15. O-O g5
16. Bg3 gxf4 17. Bxf4 Ne5 18. Be2 Ng5 19. Kh1 Qd7 20. Bg3 Nef3 21. Bxf3 Nxf3
22. Qe3 Qg4 23. Kg2 Nh4+ 24. Kh1 Bd4 25. Qf4 Qf3+ 26. Qxf3 Nxf3 27. Rad1 Kd7
28. Rd3 Ne5 29. Bxe5 Bxe5 30. f4 Bd4 31. Ra1 Rhg8 32. Rg3 h5 33. Ra2 h4 34. Rg2
h3 35. Rg3 Bf2 36. Rxg8 Rxg8 37. Ne2 Rg2 38. b3 Be3 39. Rc2 Bxf4 40. Ra2 Be3
41. Rc2 e6 42. Ra2 Ke7 43. Rc2 exd5 44. exd5 Kf6 45. Rb2 Kg5 46. Rc2 Kg4 47.
Ra2 Kf3 48. Ra1 Rxe2 49. b4 Bf2 50. bxc5 bxc5 51. a5 Re1+ 52. Rxe1 Bxe1 53. Kg1
Ke2 54. Kh1 Kd3 0-1

[Event "4NCL Team Rapidplay"]
[Site "Daventry"]
[Date "2013.10.05"]
[Round "6.5"]
[White "Tavares, Shawn P"]
[Black "Pein, Malcolm"]
[Result "0-1"]
[WhiteElo "2143"]
[BlackElo "2371"]
[PlyCount "88"]
[EventDate "2013.10.05"]
[EventType "team-swiss (rapid)"]
[EventRounds "7"]
[EventCountry "ENG"]
[WhiteTeam "BCM Dragons"]
[BlackTeam "CSC"]
[WhiteTeamCountry "ENG"]
[BlackTeamCountry "ENG"]
[TimeControl "900+110"]
[WhiteClock "0:00:39"]
[BlackClock "0:00:54"]

1. e4 c5 2. Nf3 d6 3. d4 cxd4 4. Nxd4 Nf6 5. Nc3 a6 6. g3 e5 7. Nde2 Nbd7 8.
Bg2 Qc7 9. O-O b5 10. h3 h5 11. Bg5 Bb7 12. Qd2 Be7 13. Rfc1 Nb6 14. b3 g6 15.
a3 O-O 16. Qe3 Rac8 17. Qf3 Kg7 18. Qe3 Rfd8 19. Rd1 Ng8 20. Bxe7 Nxe7 21. f4
f6 22. g4 hxg4 23. hxg4 Qc5 24. Qxc5 dxc5 25. fxe5 fxe5 26. Kf2 Nc6 27. Rxd8
Rxd8 28. Rd1 Nd4 29. Nxd4 cxd4 30. Nb1 Rc8 31. Rd2 Nd7 32. g5 Nc5 33. Re2 Ne6
34. Bh3 Rf8+ 35. Kg3 Nxg5 36. Bg2 Rc8 37. Kf2 Ne6 38. Bf3 Nf4 39. Rd2 Rh8 40.
c3 Rh2+ 41. Ke1 Rh3 42. Kf2 d3 43. Ke3 g5 44. Kf2 Kg6 0-1

[Event "4NCL Team Rapidplay"]
[Site "Daventry"]
[Date "2013.10.05"]
[Round "6.6"]
[White "Lunn, Matthew"]
[Black "Tavares, Shawn P"]
[Result "1-0"]
[WhiteElo "2045"]
[BlackElo "2143"]
[PlyCount "42"]
[EventDate "2013.10.05"]
[EventType "team-swiss (rapid)"]
[EventRounds "7"]
[EventCountry "ENG"]
[WhiteTeam "CSC"]
[BlackTeam "BCM Dragons"]
[WhiteTeamCountry "ENG"]
[BlackTeamCountry "ENG"]

1. d4 e6 2. c4 Nf6 3. Nc3 Bb4 4. Qc2 d5 5. a3 Bxc3+ 6. Qxc3 c5 7. dxc5 d4 8.
Qg3 O-O 9. Bh6 Ne8 10. Nf3 Nc6 11. b4 d3 12. Bd2 Nf6 13. exd3 e5 14. Be2 e4 15.
Ng5 Bf5 16. dxe4 Bxe4 17. Be3 a5 18. Rd1 Qe7 19. b5 Ne5 20. O-O Rfd8 21. Bd4
Bg6 1-0

[Event "4NCL Team Rapidplay"]
[Site "Daventry"]
[Date "2013.10.05"]
[Round "6.7"]
[White "Harnett, Robert J"]
[Black "Chan, Nevil"]
[Result "1/2-1/2"]
[WhiteElo "1972"]
[BlackElo "2027"]
[PlyCount "20"]
[EventDate "2013.10.05"]
[EventType "team-swiss (rapid)"]
[EventRounds "7"]
[EventCountry "ENG"]
[WhiteTeam "BCM Dragons"]
[BlackTeam "CSC"]
[WhiteTeamCountry "ENG"]
[BlackTeamCountry "ENG"]

1. f4 b6 2. Nf3 Bb7 3. e3 e6 4. b3 f5 5. Bb2 Nf6 6. Be2 a5 7. a4 Na6 8. O-O Nc5
9. Na3 Be7 10. Nc4 Bc8 1/2-1/2

[Event "4NCL Team Rapidplay"]
[Site "Daventry"]
[Date "2013.10.05"]
[Round "6.9"]
[White "Maroroa, Sue"]
[Black "Williams, Winston"]
[Result "1-0"]
[WhiteElo "2130"]
[BlackElo "2165"]
[PlyCount "75"]
[EventDate "2013.10.05"]
[EventType "team-swiss (rapid)"]
[EventRounds "7"]
[EventCountry "ENG"]
[WhiteTeam "Oxford"]
[BlackTeam "CSC VI"]
[WhiteTeamCountry "ENG"]
[BlackTeamCountry "ENG"]

1. e4 c6 2. d4 d5 3. e5 Bf5 4. h4 h6 5. g4 Bh7 6. Bd3 Bxd3 7. Qxd3 e6 8. f4 Be7
9. Nf3 h5 10. gxh5 Rxh5 11. Ng5 Bxg5 12. fxg5 g6 13. Be3 Qa5+ 14. Nc3 Nd7 15.
O-O-O Ne7 16. Kb1 Nf5 17. Bf2 O-O-O 18. Ne2 Rdh8 19. Nf4 R5h7 20. h5 Nf8 21. h6
Nd7 22. Be1 Qd8 23. Rg1 Qc7 24. Qa3 Kb8 25. Bb4 Ka8 26. Rd3 Nb6 27. Ba5 Qe7 28.
Bxb6 Qxa3 29. Rxa3 a6 30. Ng2 Kb8 31. Ne3 Rg8 32. Ng4 Rhh8 33. Nf6 Rc8 34. Nd7+
Ka8 35. Bc5 Rc7 36. Nb6+ Kb8 37. Rf3 Rd8 38. Rh1 1-0

[Event "4NCL Team Rapidplay"]
[Site "Daventry"]
[Date "2013.10.05"]
[Round "7.1"]
[White "Pritchett, Craig W"]
[Black "Piper, Matthew"]
[Result "0-1"]
[WhiteElo "2359"]
[BlackElo "2362"]
[PlyCount "60"]
[EventDate "2013.10.05"]
[EventType "team-swiss (rapid)"]
[EventRounds "7"]
[EventCountry "ENG"]
[WhiteTeam "Barbican II"]
[BlackTeam "Barbican"]
[WhiteTeamCountry "ENG"]
[BlackTeamCountry "ENG"]

1. Nf3 Nf6 2. c4 c5 3. Nc3 g6 4. e4 d6 5. d4 cxd4 6. Nxd4 Bg7 7. Be2 Nc6 8. Nc2
O-O 9. O-O Nd7 10. Bd2 Nc5 11. f3 a5 12. Kh1 a4 13. Rb1 f5 14. exf5 Bxf5 15. b4
axb3 16. axb3 Nd4 17. Nxd4 Bxb1 18. Be3 Bf5 19. b4 Ne6 20. Ndb5 Nc7 21. Bb6
Nxb5 22. Qd5+ Kh8 23. Qxb5 Qc8 24. Rc1 Bxc3 25. Rxc3 Ra1+ 26. Bg1 Qe6 27. c5
Re1 28. Bf1 Qe5 29. Ra3 Qb2 30. Ra7 Qb1 0-1

[Event "4NCL Team Rapidplay"]
[Site "Daventry"]
[Date "2013.10.05"]
[Round "7.2"]
[White "Cox, John"]
[Black "Sands, David"]
[Result "1/2-1/2"]
[WhiteElo "2387"]
[BlackElo "2243"]
[PlyCount "61"]
[EventDate "2013.10.05"]
[EventType "team-swiss (rapid)"]
[EventRounds "7"]
[EventCountry "ENG"]
[WhiteTeam "Barbican"]
[BlackTeam "Barbican II"]
[WhiteTeamCountry "ENG"]
[BlackTeamCountry "ENG"]
[TimeControl "900+200"]
[WhiteClock "0:01:09"]
[BlackClock "0:00:12"]

1. c4 c5 2. g3 g6 3. Bg2 Bg7 4. Nc3 Nc6 5. Nf3 e6 6. d3 Nge7 7. Bg5 h6 8. Bd2
b6 9. a3 d5 10. O-O O-O 11. Rb1 Bb7 12. Qc1 Kh7 13. b4 cxb4 14. axb4 Qd7 15.
cxd5 Nxd5 16. Nxd5 exd5 17. b5 Ne7 18. Bb4 Rfe8 19. Qf4 Ng8 20. Rfc1 Rac8 21.
Rxc8 Bxc8 22. Rc1 Qxb5 23. Rc7 Be6 24. Rxa7 Nf6 25. h3 Nd7 26. Kh2 Kg8 27. Nd4
Qxb4 28. Nxe6 Qxf4 29. Nxf4 Nf6 30. Nxd5 Rxe2 31. Kg1 1/2-1/2

[Event "4NCL Team Rapidplay"]
[Site "Daventry"]
[Date "2013.10.05"]
[Round "7.3"]
[White "Hodgson, John H"]
[Black "Rogers, Jonathan"]
[Result "1/2-1/2"]
[WhiteElo "2150"]
[BlackElo "2307"]
[PlyCount "36"]
[EventDate "2013.10.05"]
[EventType "team-swiss (rapid)"]
[EventRounds "7"]
[EventCountry "ENG"]
[WhiteTeam "Barbican II"]
[BlackTeam "Barbican"]
[WhiteTeamCountry "ENG"]
[BlackTeamCountry "ENG"]
[TimeControl "900+115"]
[WhiteClock "0:07:42"]
[BlackClock "0:07:52"]

1. e4 d5 2. exd5 Nf6 3. Nf3 Nxd5 4. d4 g6 5. c4 Nb6 6. c5 Nd5 7. Bc4 Bg7 8. Nc3
c6 9. O-O O-O 10. Re1 b6 11. cxb6 Nxc3 12. bxc3 axb6 13. Bg5 Bf6 14. Bh6 Bg7
15. Bg5 Ra7 16. Qe2 Bf6 17. Bh6 Bg7 18. Bg5 Ra8 1/2-1/2

[Event "4NCL Team Rapidplay"]
[Site "Daventry"]
[Date "2013.10.05"]
[Round "7.4"]
[White "Sanders, Isaac"]
[Black "Bhatia, Kanwal K"]
[Result "1-0"]
[WhiteElo "2269"]
[BlackElo "2039"]
[PlyCount "47"]
[EventDate "2013.10.05"]
[EventType "team-swiss (rapid)"]
[EventRounds "7"]
[EventCountry "ENG"]
[WhiteTeam "Barbican"]
[BlackTeam "Barbican II"]
[WhiteTeamCountry "ENG"]
[BlackTeamCountry "ENG"]
[TimeControl "900+270"]
[WhiteClock "0:01:12"]
[BlackClock "0:00:14"]

1. e4 e5 2. Nf3 Nc6 3. d4 exd4 4. Nxd4 Bc5 5. Be3 Qf6 6. c3 Nge7 7. Bc4 Ne5 8.
Be2 d6 9. O-O Qg6 10. Re1 O-O 11. Nd2 Bh3 12. g3 f5 13. exf5 Nxf5 14. Nxf5 Qxf5
15. Bxc5 dxc5 16. f4 Rad8 17. Qb3+ Kh8 18. Bf1 Bxf1 19. Rxe5 Qh3 20. Nxf1 Rde8
21. Rae1 Rxe5 22. Rxe5 b6 23. Qe6 Qxe6 24. Rxe6 1-0

[Event "4NCL Team Rapidplay"]
[Site "Daventry"]
[Date "2013.10.05"]
[Round "7.5"]
[White "Carpenter, Dai"]
[Black "Jones, Gawain CB"]
[Result "0-1"]
[WhiteElo "1983"]
[BlackElo "2638"]
[PlyCount "70"]
[EventDate "2013.10.05"]
[EventType "team-swiss (rapid)"]
[EventRounds "7"]
[EventCountry "ENG"]
[WhiteTeam "West in Best"]
[BlackTeam "Guildford"]
[BlackTeamCountry "ENG"]

1. d3 g6 2. g3 Bg7 3. Bg2 Nf6 4. Nf3 O-O 5. O-O c5 6. e4 Nc6 7. Nbd2 d5 8. Re1
h6 9. c3 dxe4 10. dxe4 Be6 11. Qe2 Qd7 12. Nc4 Rfd8 13. Nfe5 Nxe5 14. Nxe5 Qc7
15. f4 c4 16. Be3 Nd7 17. Nxd7 Rxd7 18. Rad1 Rad8 19. Bf3 Rd3 20. Qf2 b6 21.
Be2 Rxd1 22. Rxd1 Rxd1+ 23. Bxd1 Qc6 24. Qc2 h5 25. Kf2 Bg4 26. Bxg4 hxg4 27.
Bd4 f6 28. Qe2 e5 29. Be3 f5 30. exf5 gxf5 31. fxe5 Bxe5 32. Bxb6 Qxb6+ 33. Kf1
Qe6 34. Qg2 Qd7 35. h4 Qd1+ 0-1

[Event "4NCL Team Rapidplay"]
[Site "Daventry"]
[Date "2013.10.05"]
[Round "7.6"]
[White "Smerdon, David"]
[Black "Davies, Matthew"]
[Result "1-0"]
[WhiteElo "2523"]
[BlackElo "1929"]
[PlyCount "77"]
[EventDate "2013.10.05"]
[EventType "team-swiss (rapid)"]
[EventRounds "7"]
[EventCountry "ENG"]
[WhiteTeam "Guildford"]
[BlackTeam "West in Best"]
[WhiteTeamCountry "ENG"]
[TimeControl "900+130"]
[WhiteClock "0:01:14"]
[BlackClock "0:01:52"]

1. e4 e5 2. Nf3 d6 3. d4 exd4 4. Nxd4 Nf6 5. Nc3 Be7 6. Nde2 O-O 7. g3 Re8 8.
Bg2 c6 9. O-O Qb6 10. Qd4 Nbd7 11. Qxb6 axb6 12. b3 Nc5 13. Bb2 Bf8 14. f3 b5
15. Nf4 Ne6 16. Nce2 Nxf4 17. Nxf4 Be7 18. Rfd1 Nd7 19. Nd3 Nc5 20. h3 Nxd3 21.
Rxd3 Be6 22. f4 f5 23. Kh2 g6 24. a3 Kf7 25. Rd2 fxe4 26. Bxe4 d5 27. Bd3 Bf6
28. Bxf6 Kxf6 29. g4 Bf7 30. Rf2 b4 31. a4 b6 32. Raf1 c5 33. g5+ Kg7 34. f5 c4
35. fxg6 Bxg6 36. Bxg6 Kxg6 37. Rf6+ Kxg5 38. R1f5+ Kh4 39. Rh6# 1-0

[Event "4NCL Team Rapidplay"]
[Site "Daventry"]
[Date "2013.10.05"]
[Round "7.7"]
[White "Parry, Matthew"]
[Black "Hebden, Mark"]
[Result "0-1"]
[WhiteElo "1690"]
[BlackElo "2548"]
[PlyCount "58"]
[EventDate "2013.10.05"]
[EventType "team-swiss (rapid)"]
[EventRounds "7"]
[EventCountry "ENG"]
[WhiteTeam "West in Best"]
[BlackTeam "Guildford"]
[BlackTeamCountry "ENG"]
[TimeControl "900+205"]
[WhiteClock "0:00:14"]
[BlackClock "0:07:32"]

1. d4 Nf6 2. c4 g6 3. Nc3 Bg7 4. e4 d6 5. Nf3 O-O 6. Be2 e5 7. O-O Nc6 8. d5
Ne7 9. Nd2 Ne8 10. b4 f5 11. c5 Kh8 12. a4 Ng8 13. Nc4 Ngf6 14. f3 f4 15. Ba3
Qe7 16. Rc1 g5 17. cxd6 cxd6 18. b5 Rg8 19. Rf2 h5 20. Bf1 g4 21. Rfc2 Bf8 22.
b6 a6 23. Kh1 h4 24. h3 gxh3 25. gxh3 Nh5 26. Ne2 Qd8 27. a5 Bd7 28. Rc3 Qg5
29. Kh2 Ng3 0-1

[Event "4NCL Team Rapidplay"]
[Site "Daventry"]
[Date "2013.10.05"]
[Round "7.8"]
[White "Wall, Gavin"]
[Black "Richardt, Mike"]
[Result "1-0"]
[WhiteElo "2333"]
[BlackElo "1967"]
[PlyCount "87"]
[EventDate "2013.10.05"]
[EventType "team-swiss (rapid)"]
[EventRounds "7"]
[EventCountry "ENG"]
[WhiteTeam "Guildford"]
[BlackTeam "West in Best"]
[WhiteTeamCountry "ENG"]
[TimeControl "900+165"]
[WhiteClock "0:04:38"]
[BlackClock "0:01:15"]

1. e4 g6 2. d4 Bg7 3. Nc3 d5 4. exd5 Nf6 5. Bc4 Nbd7 6. Qf3 Nb6 7. Bb3 Bg4 8.
Qg3 Qd7 9. h3 Bf5 10. Qf3 O-O-O 11. g4 Nfxd5 12. Nxd5 Nxd5 13. Bxd5 Qxd5 14.
Qxd5 Rxd5 15. gxf5 Bxd4 16. fxg6 hxg6 17. c3 Re5+ 18. Kf1 Bb6 19. Nf3 Rf5 20.
Kg2 Rd8 21. Be3 Rd6 22. Rad1 Bxe3 23. Rxd6 exd6 24. fxe3 Kd7 25. e4 Rf4 26. Re1
Rf6 27. e5 Re6 28. exd6 Kxd6 29. Rxe6+ Kxe6 30. Kg3 c5 31. Kf4 f6 32. h4 b5 33.
Ke4 a5 34. b3 Kd6 35. Ne1 g5 36. hxg5 fxg5 37. Kf5 Kd5 38. Kxg5 b4 39. cxb4
cxb4 40. Kf4 Kc5 41. Ke3 Kd5 42. Kd3 Kc5 43. Nc2 Kb5 44. Ne3 1-0

[Event "4NCL Team Rapidplay"]
[Site "Daventry"]
[Date "2013.10.05"]
[Round "7.1"]
[White "Pitcher, John"]
[Black "Merry, Alan B"]
[Result "0-1"]
[WhiteElo "2246"]
[BlackElo "2297"]
[PlyCount "64"]
[EventDate "2013.10.05"]
[EventType "team-swiss (rapid)"]
[EventRounds "7"]
[EventCountry "ENG"]
[WhiteTeam "Warwickshire Select"]
[BlackTeam "RSJ"]
[WhiteTeamCountry "ENG"]
[BlackTeamCountry "ENG"]

1. e4 e6 2. d4 d5 3. e5 c5 4. c3 Qb6 5. Nf3 Nc6 6. Be2 Nh6 7. b3 Nf5 8. Bb2
cxd4 9. cxd4 Bb4+ 10. Kf1 O-O 11. Nc3 f6 12. Na4 Qd8 13. h4 fxe5 14. dxe5 Be7
15. Bd3 Bd7 16. a3 Be8 17. h5 Nh4 18. Qc2 h6 19. Nxh4 Bxh4 20. f3 Bxh5 21. Rh3
Bg4 22. Rxh4 Qxh4 23. Qe2 Qg3 24. Qf2 Qxf2+ 25. Kxf2 Bf5 26. Bxf5 Rxf5 27. Re1
Rc8 28. Re2 b6 29. g4 Rf4 30. Kg3 Rcf8 31. Rf2 Nd4 32. Bxd4 Rxd4 0-1

[Event "4NCL Team Rapidplay"]
[Site "Daventry"]
[Date "2013.10.05"]
[Round "7.2"]
[White "Mayhew, Andrew"]
[Black "Thomas, Nicholas"]
[Result "1/2-1/2"]
[WhiteElo "2058"]
[BlackElo "2295"]
[PlyCount "58"]
[EventDate "2013.10.05"]
[EventType "team-swiss (rapid)"]
[EventRounds "7"]
[EventCountry "ENG"]
[WhiteTeam "RSJ"]
[BlackTeam "Warwickshire Select"]
[WhiteTeamCountry "ENG"]
[BlackTeamCountry "ENG"]
[TimeControl "900+235"]
[WhiteClock "0:01:20"]
[BlackClock "0:04:04"]

1. d4 e6 2. c4 Nf6 3. Nc3 Bb4 4. a3 Bxc3+ 5. bxc3 b6 6. e3 Bb7 7. Ne2 d6 8. Ng3
Nbd7 9. f3 O-O 10. Bd3 Re8 11. O-O e5 12. e4 Nf8 13. Ra2 Ng6 14. Bg5 h6 15. Be3
Nf4 16. Bxf4 exf4 17. Nf5 Bc8 18. Re1 Bxf5 19. exf5 Rxe1+ 20. Qxe1 Qd7 21. Qh4
Qa4 22. Qxf4 Qd1+ 23. Bf1 Re8 24. Qg3 Qb1 25. Qf2 Re1 26. Re2 Rxe2 27. Qxe2
Qxf5 28. g3 Kf8 29. Qe3 Qc2 1/2-1/2

[Event "4NCL Team Rapidplay"]
[Site "Daventry"]
[Date "2013.10.05"]
[Round "7.3"]
[White "Mason, Donald J"]
[Black "Snape, Ian L"]
[Result "0-1"]
[WhiteElo "2204"]
[BlackElo "2218"]
[PlyCount "52"]
[EventDate "2013.10.05"]
[EventType "team-swiss (rapid)"]
[EventRounds "7"]
[EventCountry "ENG"]
[WhiteTeam "Warwickshire Select"]
[BlackTeam "RSJ"]
[WhiteTeamCountry "ENG"]
[BlackTeamCountry "ENG"]
[TimeControl "900+135"]
[WhiteClock "0:00:18"]
[BlackClock "0:05:59"]

1. d4 c5 2. d5 g6 3. e4 d6 4. Nc3 Bg7 5. g3 Nf6 6. Bg2 O-O 7. Nf3 b5 8. Nh4 b4
9. Ne2 Na6 10. O-O Rb8 11. h3 Nc7 12. f4 e6 13. f5 exd5 14. exd5 Bb7 15. c4
bxc3 16. Nxc3 Ba6 17. Re1 Qd7 18. a4 Rb4 19. Ra3 Rd4 20. Qf3 Ncxd5 21. Nxd5
Nxd5 22. Bg5 h6 23. Nxg6 fxg6 24. Qxd5+ Rxd5 25. Bxd5+ Kh8 26. Be6 Qc6 0-1

[Event "4NCL Team Rapidplay"]
[Site "Daventry"]
[Date "2013.10.05"]
[Round "7.4"]
[White "Talsma, Paul"]
[Black "Baruch, Andrew"]
[Result "1-0"]
[WhiteElo "2192"]
[BlackElo "2078"]
[Annotator "Saunders,John"]
[PlyCount "54"]
[EventDate "2013.10.05"]
[EventType "team-swiss (rapid)"]
[EventRounds "7"]
[EventCountry "ENG"]
[WhiteTeam "RSJ"]
[BlackTeam "Warwickshire Select"]
[WhiteTeamCountry "ENG"]
[BlackTeamCountry "ENG"]

1. d4 g6 2. e4 Bg7 3. Nf3 d6 4. Bc4 Nf6 5. Qe2 O-O 6. O-O Bg4 7. e5 Ne8 8. Nbd2
Nc6 9. Qe4 Bf5 10. Qh4 dxe5 11. dxe5 Nxe5 12. Nxe5 Bxe5 13. Nf3 Bg7 14. Bh6 e6
15. Ng5 Qf6 16. g4 Bxc2 17. Rac1 Ba4 18. Rc3 Bxh6 19. Qxh6 Qg7 20. Qh4 h6 21.
Ne4 Bc6 22. Re1 Bxe4 23. Rxe4 Nd6 24. Ree3 Nxc4 25. Rxc4 c6 26. Rd3 Rfd8 27.
Rxd8+ {g5 Rd1} Kh7 ({Electronic score garbled here: maybe} 27... Rxd8 28. Qxd8+
Kh7 {happened?}) 1-0

[Event "4NCL Team Rapidplay"]
[Site "Daventry"]
[Date "2013.10.05"]
[Round "7.5"]
[White "Watson, William"]
[Black "Pein, Malcolm"]
[Result "1-0"]
[WhiteElo "2498"]
[BlackElo "2371"]
[PlyCount "59"]
[EventDate "2013.10.05"]
[EventType "team-swiss (rapid)"]
[EventRounds "7"]
[EventCountry "ENG"]
[WhiteTeam "SMPS"]
[BlackTeam "CSC"]
[WhiteTeamCountry "ENG"]
[BlackTeamCountry "ENG"]
[TimeControl "900+115"]
[WhiteClock "0:01:51"]
[BlackClock "0:00:31"]

1. e4 e5 2. Nc3 Nf6 3. g3 Bc5 4. Bg2 Nc6 5. d3 a6 6. f4 exf4 7. Bxf4 d6 8. Nf3
Nd4 9. Ne2 Bg4 10. Nexd4 Bxd4 11. c3 Bb6 12. h3 Be6 13. Nd4 Qd7 14. Nxe6 fxe6
15. d4 O-O 16. O-O e5 17. Bg5 Qe6 18. Qd3 Rae8 19. Rae1 Qxa2 20. Bxf6 Rxf6 21.
Rxf6 gxf6 22. Re2 Qa4 23. Rd2 c5 24. Qf3 cxd4 25. Kh2 Rf8 26. Qg4+ Kh8 27. Qe6
Qe8 28. Qxd6 Qd8 29. Qe6 Qe8 30. Qxb6 1-0

[Event "4NCL Team Rapidplay"]
[Site "Daventry"]
[Date "2013.10.05"]
[Round "7.6"]
[White "Lunn, Matthew"]
[Black "Josse, Mark"]
[Result "0-1"]
[WhiteElo "2045"]
[BlackElo "2173"]
[PlyCount "48"]
[EventDate "2013.10.05"]
[EventType "team-swiss (rapid)"]
[EventRounds "7"]
[EventCountry "ENG"]
[WhiteTeam "SMPS"]
[BlackTeam "CSC"]
[WhiteTeamCountry "ENG"]
[BlackTeamCountry "ENG"]
[TimeControl "900+70"]
[WhiteClock "0:04:18"]
[BlackClock "0:05:37"]

1. d4 d5 2. c4 dxc4 3. e3 e5 4. Bxc4 exd4 5. exd4 Bd6 6. Nf3 Nf6 7. O-O O-O 8.
Nc3 h6 9. h3 Nc6 10. Re1 Bf5 11. a3 a6 12. d5 Ne7 13. Ba2 Re8 14. Be3 Ng6 15.
Nd4 Bd7 16. Qd2 Nh5 17. Bb1 Nhf4 18. Nf3 Qc8 19. Bxg6 Nxg6 20. Rad1 Bxh3 21.
Nd4 Bxg2 22. Kxg2 Qg4+ 23. Kf1 Qh3+ 24. Ke2 Nf4# 0-1

[Event "4NCL Team Rapidplay"]
[Site "Daventry"]
[Date "2013.10.05"]
[Round "7.7"]
[White "Holmes, Richard"]
[Black "Chan, Nevil"]
[Result "0-1"]
[WhiteElo "2270"]
[BlackElo "2027"]
[PlyCount "65"]
[EventDate "2013.10.05"]
[EventType "team-swiss (rapid)"]
[EventRounds "7"]
[EventCountry "ENG"]
[WhiteTeam "SMPS"]
[BlackTeam "CSC"]
[WhiteTeamCountry "ENG"]
[BlackTeamCountry "ENG"]
[TimeControl "900+70"]
[WhiteClock "0:04:18"]
[BlackClock "0:05:37"]

1. d4 Nc6 2. d5 Ne5 3. Nc3 Ng6 4. h4 h5 5. e4 e5 6. g3 Nf6 7. Be3 Bb4 8. Qd3
Qe7 9. f3 Bc5 10. Bg5 a6 11. O-O-O d6 12. Nge2 Bd7 13. Bh3 Bxh3 14. Rxh3 O-O-O
15. Kb1 Rdg8 16. Rh2 Qd7 17. Nc1 Ne8 18. Nb3 Bb6 19. Qc4 f6 20. Bc1 Ne7 21. Na4
Ba7 22. Qb4 f5 23. Bg5 Nf6 24. Rd3 fxe4 25. fxe4 Ng4 26. Re2 Rf8 27. a3 Rf1+
28. Ka2 Rhf8 29. Rc3 R8f7 30. Bxe7 Rxe7 31. Na5 Qb5 32. Qxb5 axb5 33. Nxb7 0-1